000 01156nam a2200289 a 4500
001 000032146
005 20240412074009.0
008 110713s1970 dr 000 0 spa d
040 _aDO-SdBNP
_bspa
_cBNPHU
082 _a330.97293
_bM671g
100 1 _aMir, Pedro,
_d1913-2000
_97245
245 1 3 _aEl gran incendio :
_blos balbuceos americanos del capitalismo mundial /
_cPedro Mir.
260 _aSanto Domingo :
_bEditoria del Caribe,
_c1970.
300 _a161 p. ;
_c23 cm.
490 1 _aUniversidad Autónoma de Santo Domingo ;
_v145
490 1 _aHistoria y sociedad ;
_v2
504 _aIncluye referencias bibliográficas y notas al pie de las páginas
504 _aBibliografía : p. 157-161
590 _aInventariado, 2018/ YL
651 4 _aRepública Dominicana
_xCondiciones Económicas
_9281
651 4 _aRepública Dominicana
_xHistoria
_y1844-
_92805
651 4 _aRepública Dominicana
_xCondiciones Sociales
_946
710 1 _aUniversidad Autónoma de Santo Domingo
_972951
830 0 _aHistoria y sociedad ;
_v2
_913749
830 0 _aUniversidad Autónoma de Santo Domingo ;
_v145
_917164
910 _aValidado. Control de calidad MFF
999 _c31637
_d31637